LEADER 00864cam0-2200277 --450 001 9910475459703321 005 20210609124329.0 010 $a88-88340-59-9 100 $a20210609d2003----km y0itay50 ba 101 0 $aita 102 $aIT 105 $ay 001yy 200 1 $a<>avventura dei tesori di Stato$eoro e valuta delle banche centrali nella bufera del secondo conflitto mondiale$fCarlo De Risio 210 $aLanciano$cCarabba$d2003 215 $a143 p.$d20 cm. 225 1 $aStoria e documenti$v5 610 0 $aBanche centrali$aGuerra mondiale 1939-1945 676 $a332.11094$v23$zita 700 1$aDe Risio,$bCarlo$09392 801 0$aIT$bUNINA$gREICAT$2UNIMARC 901 $aBK 912 $a9910475459703321 952 $aXIV M 150$b2847/2020$fFSPBC 959 $aFSPBC 996 $aAvventura dei tesori di Stato$91805025 997 $aUNINA LEADER 01238nam0 22003011i 450 001 UON00151721 005 20231205102925.301 100 $a20020107d1960 |0itac50 ba 101 $aper 102 $aIR 105 $a|||| 1|||| 200 1 $aAfsane va Roba'iyat$fNima 205 $aTehran : Keyhan$b1339 H. [1960] 210 $a144 p.$a23 cm 215 $aAltro front.: Afsaneh et Quatrains 510 1$3UON00369097$aAfsaneh et Quatrains 606 $aLETTERATURA PERSIANA$xPERIODO CONTEMPORANEO$xPOESIA$xNIMA YUSHIJ$3UONC005839$2FI 620 $aIR$dTihra?n$3UONL005570 686 $aIRA VI AEZ$cIRAN - LETTERATURA - PERSIANO - TESTI LETTERARI - PERIODO MODERNO E CONTEMPORA$2A 700 1$aYUSIJ$bNima$3UONV012046$0649481 712 $aKeyhan$3UONV248149$4650 801 $aIT$bSOL$c20240220$gRICA 899 $aSIBA - SISTEMA BIBLIOTECARIO DI ATENEO$2UONSI 912 $aUON00151721 950 $aSIBA - SISTEMA BIBLIOTECARIO DI ATENEO$dSI IRA VI AEZ 135 $eSI MR 73920 7 135 966 $aNIMA YUSHIJ$zLETTERATURA PERSIANA - PERIODO CONTEMPORANEO - POESIA - NIMA YUSHIJ$3UONC005840 996 $aAfsane va Roba'iyat$91274017 997 $aUNIOR